| 000 | 00462nam a22001817a 4500 | ||
|---|---|---|---|
| 005 | 20260604132701.0 | ||
| 008 | 260604b |||||||| |||| 00| 0 eng d | ||
| 020 |
_a9788119680474 _c1995.00 |
||
| 040 | _aMAIN | ||
| 041 | _aEnglish | ||
| 082 |
_a650.072 _bRAV |
||
| 100 |
_aRavinder, Kumar _925286 |
||
| 245 | _aResearch Methodology in Business | ||
| 260 |
_aDelhi _bAcademic _c2025 |
||
| 300 | _a408 | ||
| 650 |
_aManagement (PM USHA) _927020 |
||
| 942 | _cBK | ||
| 999 |
_c61013 _d61013 |
||